000 00409pab a2200169 454500
008 180718b2013 xxu||||| |||| 00| 0 eng d
100 _aSumitra Mohan
245 _aNatural disasters: Lessons from Uttarakhand
260 _c2013
300 _ap.25-26.
362 _a17 Aug
650 _aDisaster - India - Uttarakhand
650 _aDisasters
773 _aMainstream
908 _aN
909 _a100524
999 _c100523
_d100523